[Event "2. Bundesliga West 2011/12"]
[Site "Hohenems"]
[Date "2011.11.05"]
[Round "5"]
[Board "6"]
[White "Fruehauf, Norbert"]
[Black "Froewis, Annika"]
[Result "1-0"]
[WhiteElo "2049"]
[BlackElo "1978"]
[PlyCount "67"]
[EventDate "2011.10.07"]
[EventType "team"]
[EventRounds "11"]
[EventCountry "AUT"]
[WhiteTeam "ATSV Ranshofen"]
[BlackTeam "Bregenz"]

1. e4 e5 2. Bc4 Nc6 3. Nf3 Bc5 4. O-O Nf6 5. d3 d6 6. c3 O-O 7. a4 a5 8. Be3
Bg4 9. Nbd2 Qe7 10. Qb3 Nd8 11. Rab1 h6 12. Qc2 c6 13. b4 axb4 14. cxb4 Ba7 15.
b5 d5 16. Bxa7 Rxa7 17. Bb3 Ra8 18. Rfe1 dxe4 19. dxe4 Rc8 20. Qb2 Re8 21. Rbc1
Nd7 22. a5 Kh8 23. Qc3 Qf6 24. b6 Ne6 25. Bxe6 Rxe6 26. Nb3 Bxf3 27. Qxf3 Qxf3
28. gxf3 c5 29. Red1 Re7 30. Rc4 Nb8 31. Rxc5 Nc6 32. a6 Rb8 33. Rd6 Nb4 34.
Rc7 1-0

[Event "2. Bundesliga West 2011/12"]
[Site "Hohenems"]
[Date "2011.11.05"]
[Round "5"]
[Board "1"]
[White "Maurer, Jochen"]
[Black "Luther, Thomas"]
[Result "1/2-1/2"]
[WhiteElo "2272"]
[BlackElo "2524"]
[PlyCount "101"]
[EventDate "2011.10.07"]
[EventType "team"]
[EventRounds "11"]
[EventCountry "AUT"]
[WhiteTeam "Kufstein / Woergl 2"]
[BlackTeam "SC Absam"]

1. d4 e6 2. c4 Nf6 3. Nc3 Bb4 4. a3 Bxc3+ 5. bxc3 O-O 6. e3 c5 7. Bd3 d5 8.
cxd5 exd5 9. Ne2 b6 10. O-O Ba6 11. f3 Re8 12. Ng3 Bxd3 13. Qxd3 Nc6 14. Ra2 a6
15. Re2 b5 16. Bb2 Qb6 17. Kh1 Rad8 18. Nf5 Ne7 19. g4 c4 20. Qc2 a5 21. Ng3 h6
22. e4 Ng6 23. e5 Nf4 24. exf6 Nxe2 25. Nxe2 Qxf6 26. Bc1 Rd7 27. Ng3 Rde7 28.
Kg2 Re1 29. Rf2 Qg6 30. Qxg6 fxg6 31. Bf4 Ra1 32. Bd6 Re6 33. Bc5 Re3 34. Rc2
Ree1 35. Ne2 g5 36. f4 Kf7 37. fxg5 hxg5 38. Ng3 g6 39. Rb2 Rab1 40. Rf2+ Ke6
41. Re2+ Rxe2+ 42. Nxe2 Rb3 43. Bb4 axb4 44. axb4 Rb2 45. Kf2 Rd2 46. Kf1 Rd3
47. Kf2 Kf6 48. Kg2 Re3 49. Kf2 Re4 50. Kf3 Kf7 51. Nc1 1/2-1/2

[Event "2. Bundesliga West 2011/12"]
[Site "Hohenems"]
[Date "2011.11.05"]
[Round "5"]
[Board "2"]
[White "Rotstein, Arkadij"]
[Black "Neuschmied, Siegfried"]
[Result "1-0"]
[WhiteElo "2502"]
[BlackElo "2308"]
[PlyCount "55"]
[EventDate "2011.10.07"]
[EventType "team"]
[EventRounds "11"]
[EventCountry "AUT"]
[WhiteTeam "SC Absam"]
[BlackTeam "Kufstein / Woergl 2"]

1. g3 Nf6 2. Bg2 d5 3. Nf3 c6 4. O-O Bg4 5. d4 Nbd7 6. Nbd2 e6 7. Re1 Be7 8. e4
dxe4 9. Nxe4 Nxe4 10. Rxe4 Bh5 11. c3 O-O 12. Qb3 Qb6 13. Nd2 Rfd8 14. Re1 Bg6
15. Nc4 Qa6 16. a4 Bd3 17. Ne3 Nb6 18. Qd1 Nd5 19. Ng4 Bf5 20. Ne5 Qb6 21. h4
c5 22. g4 cxd4 23. gxf5 exf5 24. cxd4 g6 25. h5 Rac8 26. a5 Qc7 27. Qb3 Qd6 28.
Qxb7 1-0

[Event "2. Bundesliga West 2011/12"]
[Site "Hohenems"]
[Date "2011.11.05"]
[Round "5"]
[Board "3"]
[White "Astl, Peter"]
[Black "Dizdar, Goran"]
[Result "0-1"]
[WhiteElo "2250"]
[BlackElo "2495"]
[PlyCount "68"]
[EventDate "2011.10.07"]
[EventType "team"]
[EventRounds "11"]
[EventCountry "AUT"]
[WhiteTeam "Kufstein / Woergl 2"]
[BlackTeam "SC Absam"]

1. d4 e6 2. Nf3 c5 3. c3 Nc6 4. e3 Nf6 5. Nbd2 Qc7 6. Bd3 b6 7. Qe2 Bb7 8. O-O
Be7 9. a3 d5 10. b4 O-O 11. Bb2 e5 12. dxe5 Nxe5 13. Nxe5 Qxe5 14. Nf3 Qh5 15.
bxc5 bxc5 16. c4 dxc4 17. Bxc4 Rab8 18. Ra2 Ne4 19. Be5 Bd6 20. Bxd6 Nxd6 21.
Bd3 Rfd8 22. Rc2 c4 23. Bxc4 Qg6 24. Nh4 Qf6 25. Qg4 Bc8 26. Qf4 Qxf4 27. exf4
Nxc4 28. Rxc4 Ba6 29. Rc7 Bxf1 30. Kxf1 Rb1+ 31. Ke2 Rb2+ 32. Kf3 Rb3+ 33. Kg4
Rxa3 34. f5 a5 0-1

[Event "2. Bundesliga West 2011/12"]
[Site "Hohenems"]
[Date "2011.11.05"]
[Round "5"]
[Board "4"]
[White "Pilz, Dieter"]
[Black "Pitschka, Claus"]
[Result "1-0"]
[WhiteElo "2330"]
[BlackElo "2235"]
[PlyCount "31"]
[EventDate "2011.10.07"]
[EventType "team"]
[EventRounds "11"]
[EventCountry "AUT"]
[WhiteTeam "SC Absam"]
[BlackTeam "Kufstein / Woergl 2"]

1. e4 Nf6 2. e5 Nd5 3. d4 Nb6 4. f4 d6 5. Nf3 Bf5 6. Bd3 Bxd3 7. Qxd3 e6 8. O-O
Be7 9. Nc3 dxe5 10. fxe5 c5 11. Ne4 Na6 12. Bg5 O-O 13. Bxe7 Qxe7 14. Nfg5 f5
15. exf6 gxf6 16. Nxf6+ 1-0

[Event "2. Bundesliga West 2011/12"]
[Site "Hohenems"]
[Date "2011.11.05"]
[Round "5"]
[Board "5"]
[White "Englert, Jan"]
[Black "De Francesco, Klaus"]
[Result "1/2-1/2"]
[WhiteElo "2120"]
[BlackElo "2307"]
[PlyCount "74"]
[EventDate "2011.10.07"]
[EventType "team"]
[EventRounds "11"]
[EventCountry "AUT"]
[WhiteTeam "Kufstein / Woergl 2"]
[BlackTeam "SC Absam"]

1. e4 e6 2. d4 d5 3. exd5 exd5 4. Bf4 Bd6 5. Qf3 Qe7+ 6. Ne2 Nf6 7. Nbc3 Bg4 8.
Qe3 Qxe3 9. Bxe3 c6 10. O-O-O Bxe2 11. Bxe2 Nbd7 12. Bf3 O-O-O 13. Bg5 h6 14.
Bxf6 Nxf6 15. Ne2 Rde8 16. Rde1 Kd7 17. Ng3 g6 18. Kd1 h5 19. Rxe8 Nxe8 20. c3
f5 21. Be2 Nf6 22. f3 Re8 23. Bd3 h4 24. Nf1 Nh5 25. g3 hxg3 26. hxg3 Nxg3 27.
Nxg3 Bxg3 28. Rg1 f4 29. Bxg6 Rh8 30. Bf5+ Kd6 31. Rg2 Rh1+ 32. Kd2 Rf1 33. Bg4
Rb1 34. Kc2 Re1 35. Kd2 Re7 36. Re2 Rxe2+ 37. Kxe2 b6 1/2-1/2

[Event "2. Bundesliga West 2011/12"]
[Site "Hohenems"]
[Date "2011.11.05"]
[Round "5"]
[Board "6"]
[White "Meudt, Markus"]
[Black "Kranewitter, Norbert"]
[Result "1/2-1/2"]
[WhiteElo "2132"]
[BlackElo "2097"]
[PlyCount "61"]
[EventDate "2011.10.07"]
[EventType "team"]
[EventRounds "11"]
[EventCountry "AUT"]
[WhiteTeam "SC Absam"]
[BlackTeam "Kufstein / Woergl 2"]

1. e4 c6 2. d4 d5 3. f3 dxe4 4. fxe4 e5 5. Nf3 Bg4 6. Bc4 Nd7 7. c3 Bh5 8. O-O
Ngf6 9. Nbd2 Bd6 10. a4 O-O 11. Bd3 Qc7 12. Qe1 Rfe8 13. Qh4 Bg6 14. Re1 c5 15.
dxc5 Nxc5 16. Bc2 Rad8 17. Nf1 Be7 18. Bg5 h6 19. Bxf6 Bxf6 20. Qf2 b6 21. Ng3
Nd3 22. Bxd3 Rxd3 23. Rad1 Red8 24. Qe2 Qd6 25. Rxd3 Qxd3 26. Qxd3 Rxd3 27. Kf2
Kf8 28. Ke2 Rd7 29. Rd1 Rxd1 30. Kxd1 Ke7 31. Kd2 1/2-1/2

[Event "2. Bundesliga West 2011/12"]
[Site "Hohenems"]
[Date "2011.11.05"]
[Round "5"]
[Board "1"]
[White "Westermeier, Arnulf"]
[Black "Bayer, Bernhard"]
[Result "0-1"]
[WhiteElo "2260"]
[BlackElo "2434"]
[PlyCount "76"]
[EventDate "2011.10.07"]
[EventType "team"]
[EventRounds "11"]
[EventCountry "AUT"]
[WhiteTeam "ASK Salzburg"]
[BlackTeam "Schwaz"]

1. e4 e5 2. Nc3 Nf6 3. f4 d5 4. fxe5 Nxe4 5. d3 Nxc3 6. bxc3 d4 7. Nf3 Nc6 8.
Be2 Bc5 9. O-O dxc3+ 10. Kh1 O-O 11. Qe1 Nd4 12. Bd1 Re8 13. Qxc3 Nxf3 14. Qxc5
Nxe5 15. Bf4 Qf6 16. Bh5 Qf5 17. Qxc7 Qxh5 18. Bxe5 Be6 19. Qc3 Rac8 20. Qb2
Bd5 21. Rae1 f6 22. c4 Rxe5 23. cxd5 Rxe1 24. Rxe1 Qxd5 25. d4 h6 26. h3 Rd8
27. Rd1 Rd7 28. Qc3 Re7 29. a3 Re2 30. Qg3 a6 31. Kh2 b5 32. Kh1 f5 33. Rc1 Kh7
34. Rd1 a5 35. Rb1 Re4 36. Qd3 Rxd4 37. Qxb5 Rd1+ 38. Rxd1 Qxb5 0-1

[Event "2. Bundesliga West 2011/12"]
[Site "Hohenems"]
[Date "2011.11.05"]
[Round "5"]
[Board "3"]
[White "Besner, Bernhard"]
[Black "Fuchs, Georg"]
[Result "0-1"]
[WhiteElo "2175"]
[BlackElo "2289"]
[PlyCount "84"]
[EventDate "2011.10.07"]
[EventType "team"]
[EventRounds "11"]
[EventCountry "AUT"]
[WhiteTeam "ASK Salzburg"]
[BlackTeam "Schwaz"]

1. e4 e5 2. Nf3 Nf6 3. Bc4 Nc6 4. Ng5 d5 5. exd5 Na5 6. Bb5+ c6 7. dxc6 bxc6 8.
Bd3 Bg4 9. Be2 Bf5 10. d3 h6 11. Nf3 Qc7 12. O-O O-O-O 13. Nh4 Be6 14. Qe1 g5
15. Nf3 g4 16. Nh4 Nd5 17. Bd2 Nb7 18. g3 Be7 19. c4 Nb6 20. Ng2 Nc5 21. Bc3 f6
22. Qd1 Bxc4 23. Bxg4+ Kb8 24. dxc4 Rxd1 25. Rxd1 Nxc4 26. b4 Ne4 27. Rd7 Qb6
28. Bd4 exd4 29. Rxe7 Qxb4 30. Na3 Qxe7 31. Nxc4 Qb4 32. Be2 Qc3 33. Rb1+ Kc7
34. Nf4 Re8 35. Kg2 Nc5 36. Bh5 Re1 37. Ne2 Rxb1 38. Nxc3 dxc3 39. Bg6 Ra1 40.
a3 Ne6 41. Ne3 Nd4 42. g4 Ra2 0-1

[Event "2. Bundesliga West 2011/12"]
[Site "Hohenems"]
[Date "2011.11.05"]
[Round "5"]
[Board "4"]
[White "Blaas, Hansjoerg"]
[Black "Loeffler, Christoph"]
[Result "1/2-1/2"]
[WhiteElo "2234"]
[BlackElo "2161"]
[PlyCount "61"]
[EventDate "2011.10.07"]
[EventType "team"]
[EventRounds "11"]
[EventCountry "AUT"]
[WhiteTeam "Schwaz"]
[BlackTeam "ASK Salzburg"]

1. e4 c6 2. d4 d5 3. e5 Bf5 4. Bd3 Bxd3 5. Qxd3 e6 6. Ne2 c5 7. c3 Nc6 8. f4 g6
9. Nd2 Nh6 10. Nf3 Qb6 11. O-O Be7 12. h3 Nf5 13. g4 Ng7 14. Kg2 c4 15. Qc2
O-O-O 16. Be3 Na5 17. Rab1 Kb8 18. b4 cxb3 19. axb3 Rc8 20. Bd2 Qb5 21. Nc1 Rc7
22. Qd3 Qd7 23. Qe2 Nc6 24. Nd3 b6 25. Nb2 Rb7 26. Be3 Na5 27. Nd1 Rc8 28. Bd2
Nc6 29. Ne3 Rbc7 30. Qd3 Rd8 31. Rfd1 1/2-1/2

[Event "2. Bundesliga West 2011/12"]
[Site "Hohenems"]
[Date "2011.11.05"]
[Round "5"]
[Board "5"]
[White "Scheiblmaier, Robert"]
[Black "Kondrak, Christof"]
[Result "0-1"]
[WhiteElo "2113"]
[BlackElo "2176"]
[PlyCount "68"]
[EventDate "2011.10.07"]
[EventType "team"]
[EventRounds "11"]
[EventCountry "AUT"]
[WhiteTeam "ASK Salzburg"]
[BlackTeam "Schwaz"]

1. d4 d5 2. c4 e6 3. Nf3 c6 4. Qc2 Nf6 5. Nbd2 Be7 6. g3 O-O 7. Bg2 b6 8. O-O
Bb7 9. b3 Nbd7 10. Bb2 c5 11. Rac1 dxc4 12. Nxc4 Rc8 13. Qb1 b5 14. Nce5 Nxe5
15. dxe5 Be4 16. Qa1 Nd5 17. Rfd1 Qb6 18. Nd2 Bxg2 19. Kxg2 Bg5 20. h4 Bh6 21.
a3 Rfd8 22. Rc2 Qb7 23. Nf3 Rd7 24. e4 Nb6 25. Rxd7 Qxd7 26. Bc1 Bxc1 27. Rxc1
c4 28. Qd4 Qxd4 29. Nxd4 a6 30. f4 Rd8 31. Nc6 Rd2+ 32. Kh3 cxb3 33. Ne7+ Kf8
34. Rc7 Rd7 0-1

[Event "2. Bundesliga West 2011/12"]
[Site "Hohenems"]
[Date "2011.11.05"]
[Round "5"]
[Board "6"]
[White "Streiter, Gerhard"]
[Black "Herrmann, Michael"]
[Result "1/2-1/2"]
[WhiteElo "2021"]
[BlackElo "2118"]
[PlyCount "120"]
[EventDate "2011.10.07"]
[EventType "team"]
[EventRounds "11"]
[EventCountry "AUT"]
[WhiteTeam "Schwaz"]
[BlackTeam "ASK Salzburg"]

1. e4 c6 2. d4 d5 3. Nd2 dxe4 4. Nxe4 Bf5 5. Ng3 Bg6 6. h4 h6 7. Nf3 Nd7 8. h5
Bh7 9. Bd3 Bxd3 10. Qxd3 e6 11. Bf4 Qa5+ 12. Bd2 Qc7 13. O-O-O Ngf6 14. Ne4
O-O-O 15. g3 Nxe4 16. Qxe4 Bd6 17. c4 c5 18. Bc3 Nf6 19. Qe2 cxd4 20. Nxd4 a6
21. Rhe1 Rd7 22. Kb1 Rhd8 23. Nb3 Bc5 24. Rxd7 Rxd7 25. Qf3 Be7 26. g4 Qc6 27.
Qxc6+ bxc6 28. f3 Rd3 29. Nd4 Bc5 30. Nxc6 Rxf3 31. Ne5 Rf4 32. Nxf7 Nxg4 33.
Ne5 Nf6 34. Nd3 Rxc4 35. Bxf6 gxf6 36. Nxc5 Rxc5 37. Rxe6 Kb7 38. Rxf6 Rxh5 39.
Kc2 Rc5+ 40. Kd3 Rc6 41. Rf7+ Rc7 42. Rf6 Rh7 43. Rf4 Kb6 44. Rh4 h5 45. Kc4
Rc7+ 46. Kb4 Rc5 47. a4 Rg5 48. Ka3 a5 49. b4 Rg3+ 50. Kb2 axb4 51. Rxb4+ Kc6
52. Rh4 Rg5 53. Kc3 Rg3+ 54. Kd4 Rg5 55. Ke4 Kd6 56. Kf4 Ra5 57. Kg3 Ke6 58.
Rf4 Ke5 59. Rb4 Kd5 60. Rb5+ Rxb5 1/2-1/2

[Event "2. Bundesliga West 2011/12"]
[Site "Hohenems"]
[Date "2011.11.06"]
[Round "6"]
[Board "1"]
[White "Platzgummer, Fabian"]
[Black "Zelcic, Robert"]
[Result "1/2-1/2"]
[WhiteElo "2304"]
[BlackElo "2558"]
[PlyCount "75"]
[EventDate "2011.10.07"]
[EventType "team"]
[EventRounds "11"]
[EventCountry "AUT"]
[WhiteTeam "Zillertal"]
[BlackTeam "Schwarzach"]

1. Nf3 Nf6 2. g3 d5 3. Bg2 e6 4. O-O Be7 5. c4 dxc4 6. Na3 Bxa3 7. bxa3 a6 8.
Qc2 b5 9. Ne5 Nd5 10. d3 cxd3 11. Nxd3 Nd7 12. Qc6 Rb8 13. Bxd5 exd5 14. Bf4
Bb7 15. Qxc7 Qxc7 16. Bxc7 Rc8 17. Rfc1 O-O 18. a4 bxa4 19. Rab1 Ba8 20. Rb4
Rfe8 21. Kf1 Re4 22. f3 Rxb4 23. Nxb4 Ne5 24. Rc5 f6 25. Nxa6 Bb7 26. Bxe5 fxe5
27. Rxc8+ Bxc8 28. Nc5 a3 29. Nd3 Bf5 30. Nb4 d4 31. Ke1 Kf7 32. Kd2 Ke6 33.
Nc2 Bxc2 34. Kxc2 Kd5 35. Kd3 g5 36. g4 Kc5 37. Kd2 Kd5 38. Kd3 1/2-1/2

[Event "2. Bundesliga West 2011/12"]
[Site "Hohenems"]
[Date "2011.11.06"]
[Round "6"]
[Board "2"]
[White "Krstic, Uros"]
[Black "Lanka, Zigurds"]
[Result "1/2-1/2"]
[WhiteElo "2459"]
[BlackElo "2442"]
[PlyCount "67"]
[EventDate "2011.10.07"]
[EventType "team"]
[EventRounds "11"]
[EventCountry "AUT"]
[WhiteTeam "Schwarzach"]
[BlackTeam "Zillertal"]

1. e4 c5 2. Nf3 e6 3. d4 cxd4 4. Nxd4 a6 5. Nc3 Qc7 6. Be2 b5 7. O-O Bb7 8. Re1
Nc6 9. Nxc6 dxc6 10. a4 Rd8 11. Bd3 Bd6 12. Qh5 Be5 13. axb5 cxb5 14. Nd5 Qb8
15. f4 Bd4+ 16. Be3 Bxe3+ 17. Nxe3 Nf6 18. Qc5 Nd7 19. Qb4 Qc7 20. Ra3 Qc5 21.
Qxc5 Nxc5 22. b4 Nxe4 23. Bxe4 Bxe4 24. Rxa6 O-O 25. Rb6 Rd2 26. Rxb5 Bxc2 27.
Nxc2 Rxc2 28. Kf1 Ra8 29. Re2 Rc1+ 30. Kf2 Rb1 31. Re1 Rb2+ 32. Re2 Rb1 33. Re1
Rb2+ 34. Re2 1/2-1/2

[Event "2. Bundesliga West 2011/12"]
[Site "Hohenems"]
[Date "2011.11.06"]
[Round "6"]
[Board "3"]
[White "Hausner, Ivan"]
[Black "Brumen, Dinko"]
[Result "1/2-1/2"]
[WhiteElo "2405"]
[BlackElo "2347"]
[PlyCount "138"]
[EventDate "2011.10.07"]
[EventType "team"]
[EventRounds "11"]
[EventCountry "AUT"]
[WhiteTeam "Zillertal"]
[BlackTeam "Schwarzach"]

1. d4 Nf6 2. c4 e6 3. g3 d5 4. Nf3 Be7 5. Bg2 O-O 6. O-O dxc4 7. Qa4 a6 8. Qxc4
b5 9. Qc2 Bb7 10. Bf4 Nc6 11. Rd1 Rc8 12. a3 Nd5 13. Nc3 Nxf4 14. gxf4 Na5 15.
Ne5 Bxg2 16. Kxg2 f6 17. Nf3 Bd6 18. Qe4 Qe8 19. b4 Nc4 20. Nd2 Nxd2 21. Rxd2
e5 22. Qf3 exf4 23. Ne4 g5 24. Rc1 Kh8 25. Nxd6 cxd6 26. Rdc2 Rxc2 27. Rxc2 Qd7
28. h3 Rg8 29. Qg4 f5 30. Qf3 Qg7 31. d5 Rd8 32. Qh5 Qe7 33. Kg1 Rf8 34. Qh6
Kg8 35. h4 gxh4 36. Qxf4 Kh8 37. Qd4+ Kg8 38. Kh2 Qe4 39. Qd2 Qe5+ 40. Kh1 f4
41. Qd3 Rf5 42. Rc1 h3 43. Rg1+ Kh8 44. f3 h2 45. Rc1 Rg5 46. Rc8+ Kg7 47. Qc3
Qxc3 48. Rxc3 Kf6 49. Rc6 Rxd5 50. Kxh2 Rd2 51. Kg1 Rxe2 52. Rxd6+ Re6 53. Rd5
Re5 54. Rd6+ Re6 55. Rd5 Rc6 56. Kg2 Ke6 57. Rh5 Rc2+ 58. Kg1 Rc1+ 59. Kg2 Rc2+
60. Kg1 Rc3 61. Rh6+ Kd5 62. Rxa6 Rxf3 63. a4 bxa4 64. Rxa4 Rb3 65. Ra7 Ke4 66.
Rxh7 Rxb4 67. Rh3 Rb2 68. Ra3 Rd2 69. Kf1 f3 1/2-1/2

[Event "2. Bundesliga West 2011/12"]
[Site "Hohenems"]
[Date "2011.11.06"]
[Round "6"]
[Board "4"]
[White "Hecht, Hans-Joachim"]
[Black "Kleissl, Helmut"]
[Result "1/2-1/2"]
[WhiteElo "2383"]
[BlackElo "2306"]
[PlyCount "62"]
[EventDate "2011.10.07"]
[EventType "team"]
[EventRounds "11"]
[EventCountry "AUT"]
[WhiteTeam "Schwarzach"]
[BlackTeam "Zillertal"]

1. d4 d6 2. Nf3 g6 3. e4 Bg7 4. Nc3 Nf6 5. Be2 O-O 6. O-O Nc6 7. d5 Nb8 8. Be3
c6 9. a4 a5 10. Qd2 Bg4 11. Rad1 Qc7 12. Rfe1 Nbd7 13. Bd4 Rad8 14. h3 Bxf3 15.
Bxf3 Nb6 16. b3 Nfd7 17. Bxg7 Kxg7 18. Re3 Nf6 19. Qe1 Nbd7 20. Be2 Rfe8 21.
Qd2 Qb6 22. g3 Qb4 23. f4 Nc5 24. Bf3 e6 25. dxe6 Nxe6 26. Kg2 Nc5 27. Qd4 Qxd4
28. Rxd4 d5 29. e5 Nfd7 30. Re2 f6 31. exf6+ Kxf6 1/2-1/2

[Event "2. Bundesliga West 2011/12"]
[Site "Hohenems"]
[Date "2011.11.06"]
[Round "6"]
[Board "5"]
[White "Tabernig, Bernhard"]
[Black "Ljubic, Juro"]
[Result "1-0"]
[WhiteElo "2317"]
[BlackElo "2190"]
[PlyCount "89"]
[EventDate "2011.10.07"]
[EventType "team"]
[EventRounds "11"]
[EventCountry "AUT"]
[WhiteTeam "Zillertal"]
[BlackTeam "Schwarzach"]

1. d4 Nf6 2. c4 e6 3. Nf3 Bb4+ 4. Nbd2 O-O 5. a3 Bxd2+ 6. Qxd2 b6 7. e3 a5 8.
b3 Bb7 9. Be2 d6 10. Bb2 Nbd7 11. O-O Qe7 12. Rad1 Ne4 13. Qc2 f5 14. d5 e5 15.
Nd2 Nxd2 16. Qxd2 f4 17. exf4 Rxf4 18. g3 Rff8 19. Bg4 Rae8 20. Rfe1 Qd8 21. b4
axb4 22. axb4 Bc8 23. Be6+ Kh8 24. f4 exf4 25. gxf4 Qh4 26. Qc3 Rf6 27. Bxd7
Rxe1+ 28. Qxe1 Rg6+ 29. Kh1 Qxe1+ 30. Rxe1 Bxd7 31. Re7 Ba4 32. f5 Rg4 33. Rxc7
h5 34. h3 Rg3 35. Kh2 h4 36. f6 gxf6 37. Bxf6+ Kg8 38. Bxh4 Rc3 39. Bf2 Bb3 40.
c5 bxc5 41. bxc5 Rf3 42. Bg3 Rf8 43. cxd6 Bxd5 44. d7 Bc6 45. Bh4 1-0

[Event "2. Bundesliga West 2011/12"]
[Site "Hohenems"]
[Date "2011.11.06"]
[Round "6"]
[Board "6"]
[White "Stoeckl, Norbert"]
[Black "Schiestl, Josef"]
[Result "1-0"]
[WhiteElo "2057"]
[BlackElo "2135"]
[PlyCount "76"]
[EventDate "2011.10.07"]
[EventType "team"]
[EventRounds "11"]
[EventCountry "AUT"]
[WhiteTeam "Schwarzach"]
[BlackTeam "Zillertal"]

1. e4 c5 2. Nf3 e6 3. d4 cxd4 4. Nxd4 a6 5. Bd3 Bc5 6. Nb3 Ba7 7. Nc3 Nc6 8.
Bf4 d6 9. Qd2 Nge7 10. Bg3 O-O 11. O-O-O b5 12. a3 e5 13. Kb1 Be6 14. Ne2 Qb6
15. f4 f6 16. Rhf1 Qc7 17. f5 Bf7 18. Bh4 d5 19. g4 dxe4 20. Bxe4 Rfd8 21. Qc1
Bc4 22. Rde1 Kh8 23. g5 Ng8 24. Rf3 Rac8 25. Ng3 Nd4 26. Rc3 Qf7 27. g6 Qd7 28.
gxh7 Ne7 29. Nh5 Nexf5 30. Nxf6 Qe7 31. Nxd4 Nxh4 32. Ng8 Bxg8 33. hxg8=Q+ Kxg8
34. Nc6 Rxc6 35. Rxc6 a5 36. Rf1 Rf8 37. Rxf8+ Kxf8 38. Qf1+ Kg8 1-0

[Event "2. Bundesliga West 2011/12"]
[Site "Hohenems"]
[Date "2011.11.06"]
[Round "6"]
[Board "1"]
[White "Schmidt, Georg"]
[Black "Medvegy, Zoltan"]
[Result "0-1"]
[WhiteElo "2368"]
[BlackElo "2531"]
[PlyCount "158"]
[EventDate "2011.10.07"]
[EventType "team"]
[EventRounds "11"]
[EventCountry "AUT"]
[WhiteTeam "Rochade Rum"]
[BlackTeam "ATSV Ranshofen"]

1. e4 c6 2. d4 d5 3. exd5 cxd5 4. c4 Nf6 5. Nc3 e6 6. Nf3 Bb4 7. cxd5 Nxd5 8.
Bd2 Nc6 9. Bd3 O-O 10. O-O Nf6 11. Qb3 Be7 12. Be3 b6 13. Rad1 Bb7 14. Ne5 Nb4
15. Be2 Rc8 16. Rfe1 Nbd5 17. Bg5 Nxc3 18. bxc3 Qd5 19. Qxd5 Nxd5 20. Bxe7 Nxe7
21. Rc1 Rc7 22. Red1 Rfc8 23. c4 f6 24. Ng4 Nf5 25. Ne3 Nd6 26. Rd2 Kf8 27. a4
Ba6 28. Rdc2 Nb7 29. f4 Na5 30. Kf2 Nb3 31. Rd1 Rd8 32. d5 Nc5 33. Ra1 Nb3 34.
Rd1 Nc5 35. Ra1 exd5 36. Nxd5 Rxd5 37. cxd5 Ne4+ 38. Ke3 Rxc2 39. Bxa6 Nc5 40.
Be2 Ke7 41. g4 Kd6 42. h4 Rb2 43. Bd1 a5 44. g5 f5 45. h5 Kxd5 46. Bf3+ Ke6 47.
Rd1 Rb3+ 48. Ke2 Rb2+ 49. Ke3 Rb3+ 50. Ke2 Ke7 51. Rd5 Ne6 52. Re5 Kd6 53. Rd5+
Ke7 54. Re5 Kd6 55. Rd5+ Kc7 56. Kf2 g6 57. Re5 Kd6 58. Rd5+ Kc7 59. Re5 Nxf4
60. Re7+ Kd6 61. Rxh7 Nxh5 62. Bxh5 gxh5 63. g6 f4 64. Rxh5 Rg3 65. Rh6 Kc5 66.
Rh5+ Kc4 67. Rh6 Kb3 68. g7 Rxg7 69. Rxb6+ Kxa4 70. Kf3 Rf7 71. Rb1 Ka3 72. Rb5
a4 73. Rb6 Ka2 74. Rb4 a3 75. Rb6 Ka1 76. Rb3 a2 77. Rb8 Rh7 78. Kxf4 Rh1 79.
Ke3 Rb1 0-1

[Event "2. Bundesliga West 2011/12"]
[Site "Hohenems"]
[Date "2011.11.06"]
[Round "6"]
[Board "2"]
[White "Menacher, Manfred"]
[Black "Heinzel, Olaf"]
[Result "0-1"]
[WhiteElo "2307"]
[BlackElo "2347"]
[PlyCount "72"]
[EventDate "2011.10.07"]
[EventType "team"]
[EventRounds "11"]
[EventCountry "AUT"]
[WhiteTeam "ATSV Ranshofen"]
[BlackTeam "Rochade Rum"]

1. c4 Nf6 2. Nf3 e6 3. g3 d5 4. d4 c5 5. cxd5 Nxd5 6. Bg2 cxd4 7. O-O Be7 8.
Nxd4 O-O 9. e4 Nb6 10. Nc3 Nc6 11. Nxc6 bxc6 12. Qc2 Ba6 13. Rd1 Qc7 14. b3
Rad8 15. Bf4 Qc8 16. Be3 Rxd1+ 17. Nxd1 Rd8 18. Nb2 Bf6 19. Rc1 c5 20. Bxc5 Qc7
21. h4 Qe5 22. Bxb6 axb6 23. Nc4 Qb8 24. Ne3 Bd4 25. Qc7 Qxc7 26. Rxc7 Bxe3 27.
fxe3 Rd1+ 28. Kh2 g6 29. g4 Rd2 30. Kg3 Be2 31. a4 Bd1 32. e5 Bxb3 33. Rb7
Rxg2+ 34. Kh3 Re2 35. Kg3 Rxe3+ 36. Kf4 Re4+ 0-1

[Event "2. Bundesliga West 2011/12"]
[Site "Hohenems"]
[Date "2011.11.06"]
[Round "6"]
[Board "3"]
[White "Gatterer, Florian"]
[Black "Dovzik, Juri"]
[Result "0-1"]
[WhiteElo "2274"]
[BlackElo "2341"]
[PlyCount "106"]
[EventDate "2011.10.07"]
[EventType "team"]
[EventRounds "11"]
[EventCountry "AUT"]
[WhiteTeam "Rochade Rum"]
[BlackTeam "ATSV Ranshofen"]

1. d4 d5 2. c4 c6 3. Nf3 Nf6 4. Nc3 a6 5. c5 Nbd7 6. Bf4 g6 7. h3 Bg7 8. e3 O-O
9. Be2 Ne8 10. O-O Nc7 11. b4 Re8 12. a3 e5 13. dxe5 Nxe5 14. Nxe5 Bxe5 15.
Bxe5 Rxe5 16. Qd2 Re8 17. e4 d4 18. Na4 Rxe4 19. Nb6 Rb8 20. Rfd1 Qf6 21. f3
Re8 22. Bf1 Rd8 23. Re1 Be6 24. Rad1 Nb5 25. Bxb5 axb5 26. Re4 d3 27. Re3 Bb3
28. Rde1 Bc4 29. Kh1 Rd4 30. a4 Rbd8 31. a5 Be6 32. Kg1 h5 33. Re4 Kg7 34. Kf2
Rxe4 35. Rxe4 Bf5 36. Re3 h4 37. Kf1 Kh7 38. Kf2 Qg5 39. Ke1 Qg3+ 40. Kd1 Qh2
41. Re1 Qc7 42. Kc1 Rd4 43. Kb2 Qd8 44. Ka3 Qf6 45. Kb3 Be6+ 46. Ka3 Rd8 47.
Rd1 Qe5 48. Rc1 Qd4 49. Re1 Kg8 50. Rd1 f6 51. Re1 Bf7 52. Rd1 Re8 53. Qb2 Re2
0-1

[Event "2. Bundesliga West 2011/12"]
[Site "Hohenems"]
[Date "2011.11.06"]
[Round "6"]
[Board "4"]
[White "Ager, Josef"]
[Black "Eybl, Alexander"]
[Result "1/2-1/2"]
[WhiteElo "2195"]
[BlackElo "2275"]
[PlyCount "80"]
[EventDate "2011.10.07"]
[EventType "team"]
[EventRounds "11"]
[EventCountry "AUT"]
[WhiteTeam "ATSV Ranshofen"]
[BlackTeam "Rochade Rum"]

1. c4 e5 2. Nc3 Nf6 3. e4 Bb4 4. d3 Bxc3+ 5. bxc3 d6 6. Nf3 O-O 7. Be2 Re8 8.
h3 Nbd7 9. O-O Nf8 10. Ne1 Ng6 11. Nc2 c6 12. Re1 d5 13. cxd5 cxd5 14. exd5
Nxd5 15. c4 Ndf4 16. Bf1 Bf5 17. Re3 Qd7 18. Bb2 Rad8 19. Ne1 b5 20. Qb3 bxc4
21. dxc4 Rb8 22. Qc3 Qb7 23. Ba3 Rbc8 24. Qb3 Qa8 25. Bd6 Be4 26. f3 Bc6 27.
Nd3 f6 28. Nb4 Ne6 29. c5 Kh8 30. Nxc6 Rxc6 31. Bb5 Nd4 32. Bxc6 Qxc6 33. Qb2
Nf4 34. Rb1 h5 35. Kh2 h4 36. Ra3 Qd7 37. Qf2 g5 38. Qe3 Nf5 39. Qe4 Ng3 40.
Rb7 Nfe2 1/2-1/2

[Event "2. Bundesliga West 2011/12"]
[Site "Hohenems"]
[Date "2011.11.06"]
[Round "6"]
[Board "5"]
[White "Hengl, Christian"]
[Black "Spiesberger, Gerhard"]
[Result "0-1"]
[WhiteElo "2240"]
[BlackElo "2140"]
[PlyCount "98"]
[EventDate "2011.10.07"]
[EventType "team"]
[EventRounds "11"]
[EventCountry "AUT"]
[WhiteTeam "Rochade Rum"]
[BlackTeam "ATSV Ranshofen"]

1. e4 e5 2. Bc4 Nc6 3. Nf3 Be7 4. d4 d6 5. c3 Nf6 6. d5 Nb8 7. Qe2 O-O 8. Nbd2
Ne8 9. Nf1 f5 10. exf5 Bxf5 11. h3 Nd7 12. Ng3 Bg6 13. Be3 a5 14. a3 h6 15. Qd2
Nef6 16. Qe2 Nh5 17. Nxh5 Bxh5 18. g4 Bg6 19. Nd2 Bg5 20. O-O Bf4 21. Bd3 Bxd3
22. Qxd3 Qh4 23. Kg2 Bxe3 24. Qxe3 Rf4 25. Ne4 Raf8 26. Qg3 Qe7 27. f3 Nf6 28.
Nxf6+ Qxf6 29. Qe1 Rxf3 30. Qe2 Rxf1 31. Rxf1 Qxf1+ 32. Qxf1 Rxf1 33. Kxf1 c6
34. dxc6 bxc6 35. b4 a4 36. c4 Kf7 37. Ke2 Ke7 38. h4 g6 39. Kd3 d5 40. cxd5
cxd5 41. Ke3 d4+ 42. Kd3 Kd6 43. Kc4 Kc6 44. h5 g5 45. Kd3 Kd5 46. Kc2 e4 47.
Kd2 Kc4 48. Ke2 d3+ 49. Ke3 Kc3 0-1